| 000 | 00709cad a22002175a 4500 | ||
|---|---|---|---|
| 001 | L140148 | ||
| 008 | 070907s2007 xxkd f s 000 0 eng d | ||
| 035 | _a(Sirsi) u140148 | ||
| 041 | 0 | _aeng | |
| 050 | 0 | 4 | _a333.33 $2 18 |
| 110 | 2 |
_aColliers CRE _95075 |
|
| 245 | 0 | 0 |
_aProperty pricing survey _bAugust 2007 _h[electronic resource] |
| 260 |
_aLondon _bColliers CRE _c2007 |
||
| 490 | 0 |
_aProperty Pricing Survey _v(39) August 2007 |
|
| 590 | _aKA | ||
| 650 | 2 | 4 | _aCOLLIERS PROPERTY PRICING SURVEY |
| 651 | 4 |
_aUnited Kingdom _y |
|
| 690 | _aPROPERTY-COMMERCIAL PROPERTY-COMMERCIAL PROPERTY MARKET | ||
| 856 | 4 | 0 |
_uhttps://www.colliers.com/ _zView the item free of charge at www.colliers.com... |
| 942 | _n0 | ||
| 999 |
_c107440 _d107440 |
||